Представление документа в формате RUSMARC

Поле Инд. ПП Название Значение
Тип записи a
Библиографический уровень a
001 Контрольный номер 0036fee368b94cda8c9191c7fefeafe8
005 Дата корректировки 20181128105450.2
100 a Данные общей обработки 20181128 ||| 0rusy0189 ca
101 0_ a Язык текста rus
102 a Страна публикации RU
200 1_ f Первые сведения об ответственности Н.В. Ласкина
a Заглавие Упрощенное и приказное производства: "за" и "против"
b Общее обозначение материала Текст
210 1_ d Дата издания 2017
461 _0 1 2000
a Арбитражный и гражданский процесс
463 _0 1 2000
a № 7
v С. 12-15
1 2101
d 2017
1 001a8c5e67de7974222ac0469d4ca7fec92
606 a Основная рубрика Гражданское процессуальное право
610 0_ a Ключевые слова ПРИКАЗНОЕ ПРОИЗВОДСТВО
a Ключевые слова УПРОЩЕННОЕ ПРОИЗВОДСТВО
a Ключевые слова ГРАЖДАНСКИЙ ПРОЦЕСС
700 _1 a Фамилия Ласкина
b Имя Н.В.
801 _0 a Страна RU
b Организация РГУП
c Дата составления 20181128
g Правила каталогизации PSBO
801 _1 a Страна RU
b Организация РГУП
c Дата составления 20181128
g Правила каталогизации PSBO
901 t Тип документа b
w Контрольный № источника a8c5e67de7974222ac0469d4ca7fec92
905 a Дата ввода 20181128